Piłkarze województwa małopolskiego - nagła śmierć - Statystyki

Ogólne statystyki
  • Ten quiz został rozwiązany 9 razy
  • Średni wynik to 3 z 10
Answers on the Grid
Answers color-coded by a green-red scale on the quiz's grid according to % correct below.
Adam Buksa
Mateusz Cholewiak
Alan Czerwiński
Jakub Czerwiński
Patryk Dziczek
Kamil Glik
Michał Helik
Piotr Johansson
Bartosz Kapustka
Mateusz Klich
Karol Knap
Sebastian Madejski
Karol Niemczycki
Mateusz Praszelik
Kamil Rakoczy
Filip Rózga
Bartosz Slisz
Łukasz Sołowiej
Mateusz Wdowiak
Bartłomiej Wdowik
 
Statystyki odpowiedzi
Odpowiedź % Poprawnych
Adam Buksa
75%
Bartosz Kapustka
50%
Mateusz Klich
50%
Filip Rózga
38%
Alan Czerwiński
25%
Bartłomiej Wdowik
25%
Jakub Czerwiński
25%
Piotr Johansson
25%
Karol Niemczycki
13%
Mateusz Wdowiak
0%
Nie znaleziono quizów pasujących do podanych kryteriów
Rozkład punktacji
Procent ludzi z każdym wynikiem
Percentyl według liczby udzielonych odpowiedzi
Twoja historia wyników
Nie rozwiązałeś tego quizu